| LEADER |
00811nam0a2200217 450 |
| 001 |
16848104 |
| 010 |
|
|
|a 978-2-7495-5221-7
|b br.
|d 9,9
|
| 100 |
|
|
|a 20211209d2022 u u0frey01 ba
|
| 101 |
0 |
|
|a fre
|
| 102 |
|
|
|a FR
|
| 200 |
0 |
|
|a Silver investissement
|e 50 questions essentielles
|f Céline Faraut
|
| 207 |
|
1 |
|a
|
| 210 |
|
|
|a Paris
|c Bréal
|d 2022
|
| 215 |
|
|
|a 1 vol. (150 p.)
|d 18 x 13 cm
|
| 225 |
1 |
|
|a Les essentiels de l'immo
|
| 300 |
|
|
|a Coup de coeur
|
| 330 |
|
|
|a Des clés et des astuces pour investir en vue de préparer sa retraite et d'acheter un bien correspondant à son projet de vie. Electre 2022
|
| 700 |
|
0 |
|a Faraut
|b Céline
|4 70
|
| 900 |
|
|
|a Documentaire
|
| 901 |
|
|
|a Accessible au prêt
|
| 995 |
|
|
|a Bibliothèque
|c Bibliothèque
|f 00156007520570
|h 00156007520570
|k 332.6 FAR
|o p
|q a
|r az
|e Bibliothèque
|